000 00628nam a22002057a 4500
003 OSt
005 20140310182920.0
008 130129t xxu||||| |||| 00| 0 eng d
020 _a9710863061
050 _a NX 581
_b.Ar778 2002
082 _aFIL 371.3
_bA773 2002
245 _aPagpapahalagang sining sa Filipino :
_b (pinta at literatura, sayaw at musika, atb...)
_cArrogante, Jose A.
260 _aMandaluyong City :
_b National Book Store,
_c c2002.
300 _axxii, 287 :
_bill. ;
_c22 cm.
521 _acollege students
526 _c1210L-1700L
541 _j1
562 _e1
942 _2lcc
_cBK
_kFIL
999 _c17334
_d17334